000 00582nam a2200181 a 4500
008 120416s1971 ||||||||||||||||| || u
020 _a0713415746
050 _aHC 79.P6 Hen
100 _aHenderson, Paul
245 1 0 _aWorld poverty
260 _aLondon:
_bB. T. Batsford
_c1971
300 _a96p. : ill.
350 _a0.00
650 _aPOOR--RESEARCH--DEVELOPING COUNTRIES
650 _aPOVERTY
650 _aPOOR
995 _D0.00
_FCBU-MAIN LIBRARY (Kitwe)
_H1
_I1.30
_M1
_UAVAILABLE
_ZMain Library Open Access Collection
999 _c62167
_d62167